000 00373nam a2200157Ia 4500
008 230917s9999||||xx |||||||||||||| ||und||
040 _e6600
_aMAIN
041 _aEnglish
082 _a152 C197P
100 _aCarlson, Neil R
245 0 _aPhysiology of behavior
250 _a3rd ed.
260 _aBoston
_bAllyn and Bacon
_c1986
300 _axii, 788 p.
942 _cBK
999 _c60605
_d60605